Estadísticas para Máximo goleador de la Eurocopa de Fútbol

Haz click aquí para intentar la prueba.

Estadísticas generales

  • Esta prueba ha sido intentada 65 veces
  • La puntuación promedio es 6 de 32

Estadísticas de respuestas

EdiciónSelecciónMáximo goleador% Correcto
2012PortugalCristiano Ronaldo
86%
2020PortugalCristiano Ronaldo
86%
2016FranciaAntoine Griezmann
69%
2020República ChecaPatrik Schick
59%
2012EspañaFernando Torres
44%
2012CroaciaMario Mandžukić
42%
2012ItaliaMario Balotelli
37%
1984FranciaMichel Platini
34%
2012AlemaniaMario Gómez
29%
1972Alemania OccidentalGerd Müller
27%
1988Países BajosMarco Van Basten
27%
2008Países BajosDavid Villa
22%
2000Países BajosPatrick Kluivert
8%
2012RusiaAlan Dzagoev
5%
1968HungríaDragan Džajić
5%
1996AlemaniaAlan Shearer
3%
1992Países BajosDennis Bergkamp
3%
1976Alemania OccidentalDieter Müller
3%
1992DinamarcaHenrik Larsen
3%
2004PortugalMilan Baroš
3%
2000JugoslaviaSavo Milošević
3%
1992SueciaTomas Brolin
3%
1992AlemaniaKarl-Heinz Riedle
2%
1980Alemania OccidentalKlaus Allofs
2%
1964HungríaDezső Novák
0%
1960YugoslaviaDražan Jerković
0%
1964UngheriaFerenc Bene
0%
1960FranciaFrançois Heutte
0%
1964EspañaJesús María Pereda
0%
1960YugoslaviaMilan Galić
0%
1960Unión SoviéticaValentin Koz'mič Ivanov
0%
1960Unión SoviéticaViktor Ponedel'nik
0%

Distribución de puntuación

Porcentaje por número respondido

Porcentaje de gente con cada puntuación

Historial de tus puntuaciones

No has intentado esta prueba.